000 00726nam a2200253Ia 4500
003 OSt
005 20221005062232.0
006 a|||||r|||| 00| 0
007 ta
008 221004b |||||||| |||| 00| 0 eng d
020 _a9780415573344 (pbk)
_c595
024 _a22103
037 _bCBS/293, 16/02/2015, Classic Book Service
_cTextual
040 _aCRL
_cCRL
_beng
041 _2eng
_aeng
082 _aY:45, Q1
100 _aLutz James
_9459233
245 0 _aTerrorism
_b The Basics
260 _aLondon
_bRoutledge UK
_c2015
300 _axii,176p.
_ccm.
650 _aSOCIOLOGY
942 _hY:45, Q1
_cTEXL
_2cc
999 _c969393
_d969393